[Event "Madrid Vicalvaro op"]
[Site "Madrid"]
[Date "2022.05.08"]
[Round "1"]
[White "Marin Lopez, Jeronimo"]
[Black "Sanchez Rosado, Alberto"]
[Result "1-0"]
[WhiteElo "1911"]
[BlackElo "1437"]
[PlyCount "39"]
[EventDate "2022.05.08"]
[EventType "swiss"]
[EventRounds "7"]
[EventCountry "ESP"]
[SourceTitle "EXT 2024"]
[Source "ChessBase"]
[SourceDate "2023.10.10"]
[SourceVersion "1"]
[SourceVersionDate "2023.10.10"]
[SourceQuality "1"]

1. e4 e5 2. Nf3 Nc6 3. Bc4 Bc5 4. c3 d6 5. h3 Nf6 6. d3 h6 7. 0-0 Ne7 8. d4 exd4 9. cxd4 Bb6 10. Nc3 0-0 11. Re1 Bd7 12. Qd3 Ng6 13. Bb3 Kh7 14. e5 dxe5 15. Nxe5 Qc8 16. Bxf7 Rxf7 17. Qxg6+ Kg8 18. Qxf7+ Kh8 19. Nxd7 Qxd7 20. Re7 1-0

[Event "Alcorcon Spring op-B 1st"]
[Site "Alcorcon"]
[Date "2019.05.05"]
[Round "6"]
[White "Sanchez Rosado, Alberto"]
[Black "Gutierrez Garcia, Marcos II"]
[Result "1-0"]
[WhiteElo "1491"]
[BlackElo "1280"]
[PlyCount "33"]
[EventDate "2019.03.24"]
[EventType "swiss"]
[EventRounds "9"]
[EventCountry "ESP"]
[SourceTitle "EXT 2020"]
[Source "ChessBase"]
[SourceDate "2019.10.17"]
[SourceVersion "1"]
[SourceVersionDate "2019.10.17"]
[SourceQuality "1"]

1. e4 e5 2. Nf3 Nc6 3. Bc4 Bc5 4. d3 Nf6 5. 0-0 0-0 6. Nc3 h6 7. Ne2 Ne7 8. c3 Ng6 9. Ng3 d6 10. d4 Bb6 11. dxe5 dxe5 12. Qb3 Bg4 13. Nf5 Bxf5 14. exf5 Nh8 15. Nxe5 Qc8 16. Ng6 Rd8 17. Ne7+ 1-0

[Event "Madrid San Viator op-B 30th"]
[Site "Madrid"]
[Date "2018.05.27"]
[Round "7"]
[White "Caparros Armand, M Isabel"]
[Black "Sanchez Rosado, Alberto"]
[Result "1-0"]
[WhiteElo "1347"]
[BlackElo "1540"]
[PlyCount "145"]
[EventDate "2018.04.08"]
[EventType "swiss"]
[EventRounds "9"]
[EventCountry "ESP"]
[SourceTitle "EXT 2019"]
[Source "ChessBase"]
[SourceDate "2018.10.10"]
[SourceVersion "1"]
[SourceVersionDate "2018.10.10"]
[SourceQuality "1"]

1. d4 Nf6 2. Bf4 d5 3. Nd2 Bf5 4. e3 a6 5. Ngf3 Nc6 6. Be2 e6 7. h3 Nb4 8. 0-0 c5 9. a3 Nc6 10. c3 h6 11. Bh2 Bd6 12. Ne5 Ne7 13. f4 Bh7 14. Bf3 Nf5 15. Qe1 0-0 16. e4 dxe4 17. Nxe4 cxd4 18. cxd4 Nd5 19. Qd2 f6 20. Nc4 Bc7 21. Nc5 Qc8 22. g4 Nfe7 23. Rfe1 b5 24. Ne3 Bxf4 25. Bxf4 Nxf4 26. Bxa8 Qxa8 27. Qh2 g5 28. Ng2 Qd5 29. Nxf4 gxf4 30. Nxe6 Rc8 31. Rac1 Rxc1 32. Rxc1 Qxe6 33. Qxf4 Kg7 34. Rc7 Qe1+ 35. Kg2 Be4+ 36. Kh2 Qh1+ 37. Kg3 Qg1+ 38. Kh4 Qe1+ 39. Qg3 Qxg3+ 40. Kxg3 Kf7 41. Ra7 Bd5 42. Kh4 Bg2 43. Kg3 Bf1 44. Rxa6 Bc4 45. Ra7 Ke6 46. Ra6+ Kf7 47. Rb6 Nd5 48. Rc6 Ke7 49. Rc5 Kd6 50. a4 Nc7 51. Kf4 Bd3 52. Ke3 Bf1 53. h4 bxa4 54. Ra5 Bb5 55. Ke4 Kc6 56. Kf5 Kb6 57. Rxb5+ Nxb5 58. Kxf6 Kc6 59. Kg6 Kd6 60. Kxh6 Ke7 61. d5 Kf8 62. g5 Nd6 63. g6 Kg8 64. h5 Kh8 65. g7+ Kg8 66. Kg6 Nc8 67. h6 Ne7+ 68. Kf6 Nxd5+ 69. Ke6 Nf4+ 70. Kf5 Nd3 71. Kf6 Nf4 72. h7+ Kxh7 73. Kf7 1-0

[Event "Madrid San Viator op-B 30th"]
[Site "Madrid"]
[Date "2018.05.13"]
[Round "5"]
[White "Fernandez Lopez, Jaime"]
[Black "Sanchez Rosado, Alberto"]
[Result "1-0"]
[WhiteElo "1651"]
[BlackElo "1540"]
[PlyCount "81"]
[EventDate "2018.04.08"]
[EventType "swiss"]
[EventRounds "9"]
[EventCountry "ESP"]
[SourceTitle "EXT 2019"]
[Source "ChessBase"]
[SourceDate "2018.10.10"]
[SourceVersion "1"]
[SourceVersionDate "2018.10.10"]
[SourceQuality "1"]

1. d4 Nf6 2. c4 e5 3. d5 Bc5 4. e3 Ne4 5. Nf3 d6 6. h3 0-0 7. Bd3 f5 8. Bc2 Bb4+ 9. Bd2 Nxd2 10. Nbxd2 e4 11. Nd4 Nd7 12. Ne6 Qf6 13. Nxf8 Nxf8 14. a3 Bxd2+ 15. Qxd2 Ng6 16. 0-0-0 Ne5 17. Qe2 a6 18. f4 exf3 19. gxf3 b5 20. cxb5 axb5 21. Rd4 Ba6 22. Qd1 Nc4 23. Re1 Bb7 24. Bb3 Bxd5 25. Bxc4 Bxc4 26. Rxc4 bxc4 27. Qd5+ Kf8 28. Qxa8+ Ke7 29. Qc6 Kd8 30. Qxc4 h5 31. e4 Qe5 32. Qc3 Qf4+ 33. Qe3 Qh4 34. exf5 Qc4+ 35. Kb1 Qf7 36. Qe6 Qf8 37. a4 c6 38. a5 d5 39. Qe8+ Qxe8 40. Rxe8+ Kxe8 41. a6 1-0